000 00311nam a2200133 i 4500
001 bg
100 1 _aTON, Juliusz T.
245 0 _aNowoczesna teoria sterowania /
_cJuliusz T. Ton.
260 _aWarszawa,
_c1967.
040 _cBPK
041 _apol
942 _cKS
008 s pl f |000 0 pol
999 _c15904
_d15904
856 _uhttp://koha.tu.koszalin.pl/cgi-bin/koha/opac-detail.pl?biblionumber=15904
_yKatalog online BPK